000 01030cam a2200301 a 4500
999 _c8179
_d8179
003 OSt
005 20200810124001.0
008 081121s2010 caua b 001 0 eng
010 _a 2008049623
020 _a9781412956765 (cloth : acid free paper)
020 _a1412956765 (cloth : acid free paper)
020 _a9781412956772 (pbk. : acid free paper)
020 _a1412956773 (pbk. : acid free paper)
035 _a(OCoLC)ocn251216515
035 _a(OCoLC)251216515
050 0 0 _aH62
_b.Q348 2010
082 0 0 _a001.4/2
_222
245 0 0 _aQualitative journeys :
_bstudent and mentor experiences with research /
_cVictor Minichiello, Jeffrey A. Kottler, editors.
260 _aLos Angeles :
_bSAGE,
_cc2010.
300 _axix, 307 p. :
_bill. ;
_c26 cm.
504 _aIncludes bibliographical references and index.
650 0 _aSocial sciences
_xResearch.
650 0 _aQualitative research.
650 0 _aMentoring in education.
700 1 _aMinichiello, Victor.
700 1 _aKottler, Jeffrey A.
942 _2ddc